[Event "Alexander Memorial"]
[Site "Middlesbrough ENG"]
[Date "1975.09.01"]
[Round "1"]
[White "Bronstein, David"]
[Black "Keene, Raymond Dennis"]
[Result "1-0"]
[WhiteElo "2590"]
[BlackElo "2505"]
[EventDate "1975.09.01"]
[PlyCount "59"]

1.c4 Nf6 2.d4 e6 3.g3 d5 4.Bg2 Nbd7 5.Nd2 Be7 6.Ngf3 O-O 7.O-O b6 8.b3 Bb7
9.Bb2 c5 10.e3 Rc8 11.Rc1 Rc7 12.Qe2 Qa8 13.Rfe1 Rfc8 14.cxd5 Bxd5 15.e4 
Bb7 16.d5 exd5 17.exd5 Bf8 18.Ne4 Nxe4 19.Qxe4 Bxd5 20.Qf5 g6 21.Qf4 f6 
22.Rcd1 c4 23.Ng5 Rc5 24.Rxd5 Rxd5 25.bxc4 fxg5 26.Qg4 Rf5 27.Bxa8 Rxa8 
28.Qe4 Rd8 29.Qd4 Kf7 30.g4 1-0

[Event "Alexander Memorial"]
[Site "Middlesbrough ENG"]
[Date "1975.09.01"]
[Round "1"]
[White "Geller, Efim"]
[Black "Hort, Vlastimil"]
[Result "1/2-1/2"]
[WhiteElo "2600"]
[BlackElo "2600"]
[EventDate "1975.09.01"]
[PlyCount "34"]

1.e4 c5 2.Nf3 d6 3.d4 cxd4 4.Nxd4 Nf6 5.Nc3 e6 6.Be2 Be7 7.O-O Nc6 8.f4 
O-O 9.Kh1 Nxd4 10.Qxd4 Bd7 11.e5 Ne8 12.Be3 Bc6 13.Rad1 a6 14.Ne4 dxe5 15.
Qxe5 Qc7 16.Bf3 Rc8 17.Qxc7 Rxc7 1/2-1/2

[Event "Alexander Memorial"]
[Site "Middlesbrough ENG"]
[Date "1975.09.01"]
[Round "1"]
[White "Timman, Jan"]
[Black "Huebner, Robert"]
[Result "0-1"]
[WhiteElo "2510"]
[BlackElo "2615"]
[EventDate "1975.09.01"]
[PlyCount "82"]

1.d4 Nf6 2.c4 e6 3.Nc3 d5 4.Bg5 Be7 5.e3 O-O 6.Rc1 Nbd7 7.Nf3 c6 8.Bd3 
dxc4 9.Bxc4 Nd5 10.Bxe7 Qxe7 11.O-O Nxc3 12.Rxc3 e5 13.Qc2 e4 14.Nd2 Nf6 
15.Rb1 Bd7 16.b4 Rfc8 17.Bb3 Nd5 18.Bxd5 cxd5 19.Rc1 g6 20.Qb3 Qd6 21.
Rxc8+ Rxc8 22.Rxc8+ Bxc8 23.Nb1 Be6 24.Nc3 g5 25.Ne2 Qa6 26.b5 Qa5 27.Nc3 
Kg7 28.f3 exf3 29.gxf3 h5 30.Qb2 f6 31.Qd2 Qb4 32.e4 dxe4 33.fxe4 Kg6 34.
Qe3 Bc4 35.e5 fxe5 36.Qe4+ Kh6 37.Qf3 Qe7 38.Qe3 Qf6 39.h4 exd4 40.hxg5+ 
Qxg5+ 41.Qxg5+ Kxg5 0-1

[Event "Alexander Memorial"]
[Site "Middlesbrough ENG"]
[Date "1975.09.01"]
[Round "1"]
[White "Miles, Anthony John"]
[Black "Hartston, William Roland"]
[Result "1/2-1/2"]
[WhiteElo "2435"]
[BlackElo "2475"]
[EventDate "1975.09.01"]
[PlyCount "51"]

1.c4 c5 2.g3 g6 3.Bg2 Bg7 4.Nc3 Nc6 5.a3 e6 6.Rb1 a5 7.Nh3 Nge7 8.Nf4 d6 
9.b3 O-O 10.Bb2 Rb8 11.O-O f5 12.e3 e5 13.Nfd5 Nxd5 14.Nxd5 Be6 15.d3 Kh8 
16.Qd2 Qd7 17.f4 b6 18.Bc3 Ne7 19.Qb2 Nc6 20.fxe5 Nxe5 21.Nf4 b5 22.cxb5 
Rxb5 23.Bc6 Qxc6 24.Nxe6 Re8 25.Nxg7 Kxg7 26.a4 1/2-1/2

[Event "Alexander Memorial"]
[Site "Middlesbrough ENG"]
[Date "1975.09.01"]
[Round "1"]
[White "Gheorghiu, Florin"]
[Black "Lombardy, William James"]
[Result "1/2-1/2"]
[WhiteElo "2540"]
[BlackElo "2515"]
[EventDate "1975.09.01"]
[PlyCount "29"]

1.c4 Nf6 2.Nc3 e6 3.Nf3 Bb4 4.Qc2 d5 5.Qa4+ Nc6 6.Ne5 a5 7.a3 Be7 8.d4 O-O
9.Nxc6 bxc6 10.c5 Bd7 11.e3 e5 12.Be2 exd4 13.exd4 Ne4 14.O-O f5 15.Nxe4 
1/2-1/2

[Event "Alexander Memorial"]
[Site "Middlesbrough ENG"]
[Date "1975.09.01"]
[Round "1"]
[White "Sax, Gyula"]
[Black "Olafsson, Fridrik"]
[Result "1/2-1/2"]
[WhiteElo "2510"]
[BlackElo "2535"]
[EventDate "1975.09.01"]
[PlyCount "56"]

1.e4 Nc6 2.Nf3 e5 3.Bc4 Bc5 4.c3 Qe7 5.d4 Bb6 6.Bb5 Nf6 7.O-O O-O 8.Bxc6 
bxc6 9.Nxe5 d6 10.Nxc6 Qxe4 11.Nb4 c5 12.Nc2 Qg6 13.Ne3 Re8 14.Na3 cxd4 
15.cxd4 d5 16.Nb5 Ba6 17.a4 Re4 18.Qf3 Bxb5 19.axb5 Rae8 20.Nf5 R4e6 21.
Be3 Ne4 22.Nh4 Qf6 23.Qxf6 Rxf6 24.Rac1 Nd6 25.Rc6 Rfe6 26.Rfc1 h6 27.Nf3 
Nxb5 28.Rxe6 Rxe6 1/2-1/2

[Event "Alexander Memorial"]
[Site "Middlesbrough ENG"]
[Date "1975.09.01"]
[Round "1"]
[White "Stean, Michael Francis"]
[Black "Kavalek, Lubomir"]
[Result "1/2-1/2"]
[WhiteElo "2370"]
[BlackElo "2555"]
[EventDate "1975.09.01"]
[PlyCount "58"]

1.e4 c5 2.Nf3 e6 3.d4 cxd4 4.Nxd4 Nf6 5.Nc3 d6 6.Be2 Be7 7.O-O O-O 8.f4 
Nc6 9.Be3 e5 10.Nb3 exf4 11.Bxf4 Be6 12.Kh1 a6 13.Qe1 Nd7 14.Rd1 Nde5 15.
Qd2 Re8 16.Nd5 Bf8 17.Bg5 Ne7 18.Nxe7+ Bxe7 19.Bxe7 Qxe7 20.Qxd6 Nc4 21.
Qxe7 Rxe7 22.Rd4 Rc8 23.Bxc4 Bxc4 24.Rfd1 g6 25.c3 Bxb3 26.axb3 Rce8 27.
Re1 f5 28.Kg1 fxe4 29.Re3 h5 1/2-1/2

[Event "Alexander Memorial"]
[Site "Middlesbrough ENG"]
[Date "1975.09.02"]
[Round "2"]
[White "Keene, Raymond Dennis"]
[Black "Geller, Efim"]
[Result "1/2-1/2"]
[WhiteElo "2505"]
[BlackElo "2600"]
[EventDate "1975.09.01"]
[PlyCount "64"]

1.Nf3 Nf6 2.g3 d5 3.Bg2 c6 4.O-O Bg4 5.c4 e6 6.cxd5 Bxf3 7.Bxf3 cxd5 8.Nc3
Nc6 9.d3 Be7 10.a3 O-O 11.b4 a5 12.b5 Nd4 13.Bg2 a4 14.Rb1 Nb3 15.Bb2 Nc5 
16.e3 Qa5 17.f4 Rac8 18.f5 Nb3 19.Qe1 Ng4 20.Rf4 Nxe3 21.fxe6 Bc5 22.exf7+
Rxf7 23.Rxf7 Nc2+ 24.Kh1 Nxe1 25.Bxd5 Kh8 26.Rxe1 Bd4 27.Rfe7 g6 28.Rf1 
Qd8 29.Rff7 Qg8 30.Rf4 Qd8 31.Rff7 Qg8 32.Rf4 Qd8 1/2-1/2

[Event "Alexander Memorial"]
[Site "Middlesbrough ENG"]
[Date "1975.09.02"]
[Round "2"]
[White "Lombardy, William James"]
[Black "Sax, Gyula"]
[Result "0-1"]
[WhiteElo "2515"]
[BlackElo "2510"]
[EventDate "1975.09.01"]
[PlyCount "76"]

1.Nf3 Nf6 2.b3 g6 3.Bb2 Bg7 4.c4 c5 5.Nc3 O-O 6.e3 b6 7.Be2 Bb7 8.O-O d5 
9.Nxd5 Nxd5 10.Bxg7 Kxg7 11.cxd5 Qxd5 12.Qc2 Nc6 13.Qb2+ e5 14.a3 f6 15.b4
e4 16.Ne1 c4 17.f3 Rad8 18.Ra2 Ne5 19.f4 c3 20.dxc3 Nc4 21.Bxc4 Qxc4 22.a4
Rd1 23.Qe2 Qxe2 24.Rxe2 Bd5 25.Nc2 Rxf1+ 26.Kxf1 Bc4 27.Ke1 Bxe2 28.Kxe2 
a5 29.Nd4 Rc8 30.Kd2 axb4 31.cxb4 Ra8 32.Kc3 Rxa4 33.Kc4 Ra3 34.Kb5 Rxe3 
35.Kxb6 Re1 36.Kc6 e3 37.b5 e2 38.Ne6+ Kg8 0-1

[Event "Alexander Memorial"]
[Site "Middlesbrough ENG"]
[Date "1975.09.02"]
[Round "2"]
[White "Smyslov, Vassily"]
[Black "Miles, Anthony John"]
[Result "1-0"]
[WhiteElo "2605"]
[BlackElo "2435"]
[EventDate "1975.09.01"]
[PlyCount "147"]

1.Nf3 Nf6 2.g3 d5 3.Bg2 c6 4.O-O Bf5 5.d3 h6 6.Nbd2 e6 7.Qe1 Be7 8.e4 Bh7 
9.Qe2 Qc7 10.e5 Nfd7 11.Re1 c5 12.c4 d4 13.Nf1 Nc6 14.Bd2 Rb8 15.g4 b5 16.
cxb5 Rxb5 17.b3 a5 18.Ng3 O-O 19.g5 hxg5 20.Bxg5 Rfb8 21.Bxe7 Nxe7 22.Rac1
Qd8 23.Ng5 Bg6 24.h4 a4 25.bxa4 Rb2 26.Qf3 Rxa2 27.Bh3 Ra3 28.h5 Rxd3 29.
Qg2 Rbb3 30.Nxe6 fxe6 31.Bxe6+ Bf7 32.Bxf7+ Kxf7 33.e6+ Kg8 34.exd7 Qxd7 
35.Ne4 Qh3 36.Rxc5 Qxg2+ 37.Kxg2 Rb7 38.Ng5 Rc3 39.Rd5 Rc8 40.Rxd4 Ra7 41.
Rde4 Rcc7 42.Kh3 Rd7 43.Kg4 Kh8 44.f4 Kg8 45.Re6 Kf8 46.h6 gxh6 47.Rxh6 
Kg8 48.Rh7 Kf8 49.Ne6+ Ke8 50.Rh8+ Kf7 51.Rf8+ Kg6 52.Re5 Rd5 53.Re4 Rda5 
54.Ng5 R5a6 55.Rf7 Nd5 56.f5+ Kh6 57.Re6+ Rxe6 58.Rxa7 Nf6+ 59.Kh4 Re1 60.
Nf7+ Kg7 61.Ne5+ Kh6 62.Nf7+ Kg7 63.Nd6+ Kh6 64.a5 Ra1 65.Nf7+ Kg7 66.Kg5 
Rg1+ 67.Kf4 Rf1+ 68.Ke3 Ng4+ 69.Ke2 Rf2+ 70.Ke1 Kf6 71.Nh6 Rf4 72.Rf7+ Kg5
73.Nxg4 Kxg4 74.a6 1-0

[Event "Alexander Memorial"]
[Site "Middlesbrough ENG"]
[Date "1975.09.02"]
[Round "2"]
[White "Hartston, William Roland"]
[Black "Timman, Jan"]
[Result "1/2-1/2"]
[WhiteElo "2475"]
[BlackElo "2510"]
[EventDate "1975.09.01"]
[PlyCount "116"]

1.e4 e6 2.d4 d5 3.Nc3 Bb4 4.e5 b6 5.Bd2 Qd7 6.Nf3 c6 7.Be2 Ba6 8.O-O Ne7 
9.Bxa6 Nxa6 10.Ne2 Bxd2 11.Qxd2 c5 12.Ng3 h5 13.Qg5 g6 14.Rfd1 O-O-O 15.
dxc5 Nxc5 16.a4 Nxa4 17.Rxa4 Qxa4 18.Qxe7 Qxc2 19.Rd2 Qb1+ 20.Nf1 Rd7 21.
Qa3 Kb8 22.Rd3 Rc8 23.Rc3 Rxc3 24.Qxc3 Rc7 25.Qb4 Kb7 26.h4 Qd1 27.b3 a5 
28.Qb5 Rc5 29.Qd7+ Rc7 30.Qb5 Rc5 31.Qd7+ Ka6 32.Nd2 Rc2 33.b4 axb4 34.
Qa4+ Kb7 35.Qxb4 Qg4 36.Qxg4 hxg4 37.Kh2 Rc3 38.f3 gxf3 39.g4 b5 40.h5 
gxh5 41.gxh5 b4 42.Kg3 b3 43.Nxf3 b2 44.Nd2 Rc1 45.h6 Rh1 46.Nh2 Rg1+ 47.
Kh3 Rd1 48.Nhf3 Rh1+ 49.Nh2 Rc1 50.h7 Rc8 51.Nhf3 Rh8 52.Ng5 Kc6 53.Kg4 
Kd7 54.Kh5 Ke7 55.Kh6 f6 56.Ngf3 Kf7 57.exf6 Kxf6 58.Ne1 Rc8 1/2-1/2

[Event "Alexander Memorial"]
[Site "Middlesbrough ENG"]
[Date "1975.09.02"]
[Round "2"]
[White "Huebner, Robert"]
[Black "Gheorghiu, Florin"]
[Result "1/2-1/2"]
[WhiteElo "2615"]
[BlackElo "2540"]
[EventDate "1975.09.01"]
[PlyCount "36"]

1.e4 c5 2.Nf3 d6 3.d4 cxd4 4.Nxd4 Nf6 5.Nc3 a6 6.Be2 e6 7.Be3 Nbd7 8.f4 b5
9.Bf3 Bb7 10.f5 e5 11.Nb3 b4 12.Nd5 Bxd5 13.exd5 e4 14.Be2 Nb6 15.a3 Nbxd5
16.Bd4 bxa3 17.Rxa3 Be7 18.Rxa6 O-O 1/2-1/2

[Event "Alexander Memorial"]
[Site "Middlesbrough ENG"]
[Date "1975.09.02"]
[Round "2"]
[White "Olafsson, Fridrik"]
[Black "Bronstein, David"]
[Result "1/2-1/2"]
[WhiteElo "2535"]
[BlackElo "2590"]
[EventDate "1975.09.01"]
[PlyCount "39"]

1.d4 Nf6 2.c4 e6 3.Nf3 d5 4.Nc3 Bb4 5.e3 c5 6.Bd3 O-O 7.O-O Nc6 8.a3 Bxc3 
9.bxc3 Qc7 10.h3 Na5 11.cxd5 exd5 12.a4 c4 13.Bc2 Ne4 14.Bxe4 dxe4 15.Nd2 
Bf5 16.Ba3 Rfd8 17.Qh5 Bg6 18.Qc5 Qxc5 19.Bxc5 f5 20.Rfb1 1/2-1/2

[Event "Alexander Memorial"]
[Site "Middlesbrough ENG"]
[Date "1975.09.02"]
[Round "2"]
[White "Hort, Vlastimil"]
[Black "Stean, Michael Francis"]
[Result "1/2-1/2"]
[WhiteElo "2600"]
[BlackElo "2370"]
[EventDate "1975.09.01"]
[PlyCount "51"]

1.e4 c5 2.Nc3 d6 3.g3 Nc6 4.Bg2 g6 5.d3 Bg7 6.Be3 Rb8 7.a4 e6 8.f4 Nge7 9.
Nf3 O-O 10.O-O b6 11.Bf2 Qd7 12.Qd2 Bb7 13.Rae1 Nd4 14.Nxd4 cxd4 15.Nb5 
Nc6 16.g4 a6 17.Na3 f5 18.gxf5 gxf5 19.Bg3 Kh8 20.Kh1 Ba8 21.Re2 b5 22.
axb5 axb5 23.Qe1 Ne7 24.Bh4 Ng6 25.Bg3 Ne7 26.Nb1 1/2-1/2

[Event "Alexander Memorial"]
[Site "Middlesbrough ENG"]
[Date "1975.09.03"]
[Round "3"]
[White "Bronstein, David"]
[Black "Lombardy, William James"]
[Result "1-0"]
[WhiteElo "2590"]
[BlackElo "2515"]
[EventDate "1975.09.01"]
[PlyCount "81"]

1.e4 c5 2.Nf3 e6 3.d4 cxd4 4.Nxd4 Nc6 5.Nb5 d6 6.c4 a6 7.N5c3 Nf6 8.Be2 
Be7 9.O-O O-O 10.Be3 Re8 11.a3 Bf8 12.Qb3 Nd7 13.Nd2 b6 14.Nf3 Bb7 15.Rfd1
Rb8 16.Rac1 Qf6 17.Qa2 Ba8 18.b4 Nde5 19.Nxe5 Nxe5 20.f4 Ng6 21.Qd2 h6 22.
Rf1 Qe7 23.Bd3 Bc6 24.Qe2 Qb7 25.a4 f5 26.Bd2 fxe4 27.Nxe4 Nh4 28.b5 axb5 
29.axb5 Bxe4 30.Bxe4 d5 31.Bb1 dxc4 32.Rxc4 Bc5+ 33.Kh1 Rbd8 34.Re4 Kh8 
35.Bc3 Qd7 36.Re1 Nf5 37.Re5 Rf8 38.Rxe6 Bd4 39.Bxd4 Qxd4 40.Qg4 Qd5 41.
R6e5 1-0

[Event "Alexander Memorial"]
[Site "Middlesbrough ENG"]
[Date "1975.09.03"]
[Round "3"]
[White "Geller, Efim"]
[Black "Olafsson, Fridrik"]
[Result "1-0"]
[WhiteElo "2600"]
[BlackElo "2535"]
[EventDate "1975.09.01"]
[PlyCount "70"]

1.e4 d6 2.d4 Nf6 3.Nc3 g6 4.Nf3 Bg7 5.Be2 O-O 6.O-O Bg4 7.Be3 Nbd7 8.h3 
Bxf3 9.Bxf3 e5 10.Re1 Re8 11.dxe5 dxe5 12.Qe2 c6 13.Red1 Qc7 14.Qc4 Nb6 
15.Qb3 Nfd7 16.Bg4 Bf8 17.Na4 Rad8 18.Nxb6 Nxb6 19.a4 h5 20.Rxd8 Rxd8 21.
a5 Nd5 22.exd5 hxg4 23.dxc6 bxc6 24.hxg4 Rb8 25.Qa2 Rb4 26.g5 a6 27.c3 Rh4
28.Qb3 e4 29.g3 Rh3 30.Kg2 Rh5 31.Qc4 Qc8 32.Qxe4 Qh3+ 33.Kf3 Qd7 34.Ke2 
c5 35.Rd1 Qb5+ 1-0

[Event "Alexander Memorial"]
[Site "Middlesbrough ENG"]
[Date "1975.09.03"]
[Round "3"]
[White "Timman, Jan"]
[Black "Smyslov, Vassily"]
[Result "1/2-1/2"]
[WhiteElo "2510"]
[BlackElo "2605"]
[EventDate "1975.09.01"]
[PlyCount "114"]

1.d4 Nf6 2.c4 e6 3.Nc3 Bb4 4.Bg5 h6 5.Bh4 c5 6.d5 Bxc3+ 7.bxc3 d6 8.e3 e5 
9.f3 g5 10.Bg3 e4 11.f4 Qe7 12.Be2 Rg8 13.Nh3 Bxh3 14.gxh3 gxf4 15.Bxf4 
Nbd7 16.Rb1 Nb6 17.a4 Rb8 18.Kd2 Rg2 19.Qf1 Nxc4+ 20.Ke1 Rxe2+ 21.Qxe2 Ne5
22.Bxe5 Qxe5 23.c4 Ke7 24.Rf1 b6 25.Kd2 Rg8 26.Kc2 Qg5 27.Rf4 Qg2 28.Qxg2 
Rxg2+ 29.Kc3 Nd7 30.Rb2 Rg1 31.a5 bxa5 32.Rxe4+ Ne5 33.Rb7+ Kf6 34.Rxa7 
Rc1+ 35.Kb3 Rb1+ 36.Kc3 Rc1+ 37.Kd2 Rh1 38.Rf4+ Kg7 39.Kc3 Rxh2 40.Rxa5 
Rxh3 41.Ra6 Rxe3+ 42.Kd2 Rd3+ 43.Kc2 Rd4 44.Rxd4 cxd4 45.Kb3 d3 46.Kc3 h5 
47.Ra1 f6 48.Kd4 Kg6 49.Rg1+ Kf5 50.Rf1+ Kg5 51.Ke4 h4 52.Rg1+ Kh5 53.c5 
dxc5 54.d6 c4 55.Kd4 h3 56.Kc3 Kh4 57.Rg7 h2 1/2-1/2

[Event "Alexander Memorial"]
[Site "Middlesbrough ENG"]
[Date "1975.09.03"]
[Round "3"]
[White "Gheorghiu, Florin"]
[Black "Hartston, William Roland"]
[Result "1/2-1/2"]
[WhiteElo "2540"]
[BlackElo "2475"]
[EventDate "1975.09.01"]
[PlyCount "28"]

1.e4 c5 2.Nf3 e6 3.d4 cxd4 4.Nxd4 Nc6 5.Nc3 a6 6.g3 Nge7 7.Nb3 d6 8.a4 b6 
9.Bg2 Ng6 10.f4 Be7 11.O-O Bd7 12.Be3 O-O 13.Qd2 Qc7 14.Rfd1 Rfd8 1/2-1/2

[Event "Alexander Memorial"]
[Site "Middlesbrough ENG"]
[Date "1975.09.03"]
[Round "3"]
[White "Stean, Michael Francis"]
[Black "Keene, Raymond Dennis"]
[Result "1/2-1/2"]
[WhiteElo "2370"]
[BlackElo "2505"]
[EventDate "1975.09.01"]
[PlyCount "36"]

1.c4 Nf6 2.Nf3 b6 3.g3 Bb7 4.Bg2 g6 5.O-O Bg7 6.d4 c5 7.Nc3 Ne4 8.Nxe4 
Bxe4 9.d5 O-O 10.Bh3 Bxf3 11.exf3 d6 12.Re1 Nd7 13.f4 a6 14.a4 Rb8 15.Ra3 
Nf6 16.Bf1 Qd7 17.Rae3 Rfe8 18.b3 Ng4 1/2-1/2

[Event "Alexander Memorial"]
[Site "Middlesbrough ENG"]
[Date "1975.09.04"]
[Round "4"]
[White "Keene, Raymond Dennis"]
[Black "Kavalek, Lubomir"]
[Result "1/2-1/2"]
[WhiteElo "2505"]
[BlackElo "2555"]
[EventDate "1975.09.01"]
[PlyCount "58"]

1.Nf3 d6 2.d4 Nf6 3.c4 g6 4.Nc3 Bg7 5.e4 O-O 6.Be2 e5 7.O-O Nc6 8.d5 Ne7 
9.b4 Nh5 10.Nd2 Nf4 11.Bf3 f5 12.a4 g5 13.exf5 Nxf5 14.g3 Nh3+ 15.Kg2 Qd7 
16.Nb3 Nd4 17.Nxd4 exd4 18.Nb5 c6 19.Na3 Rxf3 20.Qxf3 g4 21.Qb3 Qe7 22.Ra2
Bf5 23.f3 d3 24.fxg4 Qe4+ 25.Rf3 Ng1 26.Qxd3 Qxd3 27.Rxd3 Bxd3 28.Kxg1 
cxd5 29.cxd5 Re8 1/2-1/2

[Event "Alexander Memorial"]
[Site "Middlesbrough ENG"]
[Date "1975.09.04"]
[Round "4"]
[White "Hartston, William Roland"]
[Black "Sax, Gyula"]
[Result "0-1"]
[WhiteElo "2475"]
[BlackElo "2510"]
[EventDate "1975.09.01"]
[PlyCount "82"]

1.e4 c5 2.Nf3 e6 3.d4 cxd4 4.Nxd4 Nf6 5.Nc3 d6 6.Be2 Be7 7.O-O Nc6 8.Be3 
Bd7 9.f4 Nxd4 10.Qxd4 Bc6 11.Rad1 O-O 12.Bf3 Qc7 13.Qc4 Rac8 14.a4 b6 15.
Qa6 Qb8 16.Qe2 Rfe8 17.Bf2 Nd7 18.Bg4 Bf8 19.Bg3 Qb7 20.b4 Nf6 21.Bf3 d5 
22.Rd4 dxe4 23.Nxe4 Nxe4 24.Bxe4 Bxe4 25.Rxe4 Qc6 26.b5 Qxc2 27.Qxc2 Rxc2 
28.f5 g6 29.fxe6 Bc5+ 30.Kh1 Rxe6 31.Rxe6 fxe6 32.h4 Ra2 33.Rd1 Rxa4 34.
Rd8+ Kf7 35.Rd7+ Kf6 36.Rxh7 e5 37.Kh2 e4 38.Bf4 e3 39.Bg5+ Kf5 40.Rf7+ 
Kg4 41.Rf6 e2 0-1

[Event "Alexander Memorial"]
[Site "Middlesbrough ENG"]
[Date "1975.09.04"]
[Round "4"]
[White "Lombardy, William James"]
[Black "Geller, Efim"]
[Result "1/2-1/2"]
[WhiteElo "2515"]
[BlackElo "2600"]
[EventDate "1975.09.01"]
[PlyCount "37"]

1.e4 c5 2.Nf3 e6 3.d4 cxd4 4.Nxd4 Nc6 5.Nc3 d6 6.Be3 Nf6 7.f4 Be7 8.Qf3 e5
9.Nf5 Bxf5 10.exf5 Nd4 11.Bxd4 exd4 12.Ne4 Qa5+ 13.Kf2 O-O 14.Bd3 Nxe4+ 
15.Qxe4 Bf6 16.Rhe1 d5 17.Qe2 Qa4 18.Qf3 Qa5 19.Qe2 1/2-1/2

[Event "Alexander Memorial"]
[Site "Middlesbrough ENG"]
[Date "1975.09.04"]
[Round "4"]
[White "Olafsson, Fridrik"]
[Black "Stean, Michael Francis"]
[Result "1/2-1/2"]
[WhiteElo "2535"]
[BlackElo "2370"]
[EventDate "1975.09.01"]
[PlyCount "35"]

1.d4 Nf6 2.c4 g6 3.Nc3 d5 4.cxd5 Nxd5 5.e4 Nxc3 6.bxc3 Bg7 7.Bc4 O-O 8.Ne2
c5 9.O-O Nc6 10.Be3 Qc7 11.Rc1 Rd8 12.Qa4 Bd7 13.Qa3 Qa5 14.Qb3 Be8 15.
Rfd1 b6 16.Qb1 Rac8 17.h3 Qa3 18.dxc5 1/2-1/2

[Event "Alexander Memorial"]
[Site "Middlesbrough ENG"]
[Date "1975.09.04"]
[Round "4"]
[White "Smyslov, Vassily"]
[Black "Gheorghiu, Florin"]
[Result "1/2-1/2"]
[WhiteElo "2605"]
[BlackElo "2540"]
[EventDate "1975.09.01"]
[PlyCount "47"]

1.Nf3 c5 2.b3 Nf6 3.Bb2 e6 4.e3 b6 5.d4 Bb7 6.Nbd2 cxd4 7.exd4 Be7 8.Bd3 
Nc6 9.a3 O-O 10.O-O Re8 11.b4 Bf8 12.c4 d6 13.Re1 g6 14.Nb3 Bg7 15.b5 Ne7 
16.c5 bxc5 17.dxc5 dxc5 18.Nxc5 Bd5 19.Bf1 Nf5 20.Ne5 Rc8 21.Ncd3 Qb6 22.
a4 Ne4 23.Rc1 a6 24.Rxc8 1/2-1/2

[Event "Alexander Memorial"]
[Site "Middlesbrough ENG"]
[Date "1975.09.06"]
[Round "5"]
[White "Hort, Vlastimil"]
[Black "Keene, Raymond Dennis"]
[Result "1-0"]
[WhiteElo "2600"]
[BlackElo "2505"]
[EventDate "1975.09.01"]
[PlyCount "49"]

1.e4 g6 2.d4 Bg7 3.Nf3 d6 4.Bc4 Nf6 5.Nc3 O-O 6.Qe2 Bg4 7.e5 Ne8 8.Bg5 Nc6
9.O-O-O Kh8 10.Rhe1 Qc8 11.Bd5 Qf5 12.Qe3 dxe5 13.Bxc6 bxc6 14.Bxe7 exd4 
15.Nxd4 Qh5 16.Bxf8 Bxf8 17.Nde2 Bh6 18.f4 Nd6 19.h3 Be6 20.Nd4 Nf5 21.
Nxf5 Qxf5 22.Rd4 c5 23.Re4 Rb8 24.g4 Qf6 25.g5 1-0

[Event "Alexander Memorial"]
[Site "Middlesbrough ENG"]
[Date "1975.09.06"]
[Round "5"]
[White "Gheorghiu, Florin"]
[Black "Miles, Anthony John"]
[Result "0-1"]
[WhiteElo "2540"]
[BlackElo "2435"]
[EventDate "1975.09.01"]
[PlyCount "86"]

1.d4 Nf6 2.c4 c5 3.d5 b5 4.cxb5 a6 5.bxa6 Bxa6 6.g3 d6 7.Bg2 g6 8.b3 Bg7 
9.Bb2 O-O 10.Nh3 Nbd7 11.O-O Qb8 12.Bc3 Nb6 13.Re1 Ra7 14.Nf4 g5 15.Nh3 h6
16.f4 gxf4 17.Nxf4 Nbd7 18.Nd2 Ng4 19.Bxg7 Kxg7 20.Bh3 Ngf6 21.Nf3 Qb4 22.
Bxd7 Rxd7 23.e4 Rfd8 24.Nh4 Kh7 25.Qc2 Qd4+ 26.Kg2 Kh8 27.Nf5 Qe5 28.Nxh6 
Kg7 29.Nf5+ Kh7 30.Nh4 Ng4 31.Rad1 Rg8 32.Kh1 Kh8 33.Nf3 Qf6 34.Qg2 Qh6 
35.e5 Rb7 36.Qb2 f6 37.exd6 exd6 38.Re6 Rb4 39.a3 Rxf4 40.gxf4 Qh3 41.Qg2 
Qxg2+ 42.Kxg2 Ne3+ 43.Kf2 Rg2+ 0-1

[Event "Alexander Memorial"]
[Site "Middlesbrough ENG"]
[Date "1975.09.06"]
[Round "5"]
[White "Bronstein, David"]
[Black "Hartston, William Roland"]
[Result "1/2-1/2"]
[WhiteElo "2590"]
[BlackElo "2475"]
[EventDate "1975.09.01"]
[PlyCount "36"]

1.d4 Nf6 2.c4 g6 3.Nc3 d5 4.Nf3 Bg7 5.Qb3 dxc4 6.Qxc4 O-O 7.e4 Bg4 8.Be3 
Nc6 9.d5 Bxf3 10.dxc6 b5 11.Qb4 a5 12.Qc5 Nxe4 13.Nxe4 Bxe4 14.Rd1 Qb8 15.
f3 Bf5 16.Bxb5 a4 17.Bc4 Qxb2 18.O-O Qc3 1/2-1/2

[Event "Alexander Memorial"]
[Site "Middlesbrough ENG"]
[Date "1975.09.06"]
[Round "5"]
[White "Stean, Michael Francis"]
[Black "Lombardy, William James"]
[Result "1/2-1/2"]
[WhiteElo "2370"]
[BlackElo "2515"]
[EventDate "1975.09.01"]
[PlyCount "73"]

1.e4 e5 2.Nf3 Nc6 3.Bb5 a6 4.Bxc6 dxc6 5.O-O f6 6.d4 exd4 7.Nxd4 c5 8.Nb3 
Qxd1 9.Rxd1 Be6 10.Bf4 c4 11.Na5 b6 12.Nc6 Bd7 13.Nd4 O-O-O 14.Nc3 Bc5 15.
b4 Bxd4 16.Rxd4 Be6 17.Rxd8+ Kxd8 18.a4 Ne7 19.a5 b5 20.Rd1+ Kc8 21.Be3 
Re8 22.Bc5 Nc6 23.f3 f5 24.Kf2 fxe4 25.Nxe4 Bf5 26.Ke3 Nd8 27.Rd5 Bg6 28.
h4 Bxe4 29.fxe4 Ne6 30.Rh5 h6 31.Re5 Kd7 32.h5 g6 33.Rd5+ Kc8 34.Re5 Kd7 
35.Rd5+ Kc8 36.Re5 Kd7 37.Rd5+ 1/2-1/2

[Event "Alexander Memorial"]
[Site "Middlesbrough ENG"]
[Date "1975.09.07"]
[Round "6"]
[White "Hartston, William Roland"]
[Black "Geller, Efim"]
[Result "0-1"]
[WhiteElo "2475"]
[BlackElo "2600"]
[EventDate "1975.09.01"]
[PlyCount "96"]

1.e4 e5 2.Bc4 Nf6 3.d3 c6 4.Bb3 Be7 5.Nc3 O-O 6.Nf3 d6 7.Ne2 Nbd7 8.c3 Re8
9.Ng3 Bf8 10.Qe2 a5 11.O-O Nc5 12.Bc2 g6 13.Be3 d5 14.Rad1 dxe4 15.Nxe4 
Nfxe4 16.dxe4 Qc7 17.Rd2 a4 18.Rfd1 Be6 19.Ng5 Bxa2 20.Ra1 Bb3 21.Bxc5 
Bxc5 22.Bxb3 axb3 23.Rad1 Red8 24.Rxd8+ Rxd8 25.h4 b5 26.Rxd8+ Qxd8 27.Nf3
Qf6 28.c4 b4 29.g3 Bd4 30.Nxd4 exd4 31.Qd3 c5 32.Qxb3 d3 33.Qxd3 Qxb2 34.
Qd8+ Kg7 35.h5 Qc1+ 36.Kg2 Qxc4 37.Qe7 b3 38.Qe5+ Kf8 39.Qd6+ Ke8 40.Qc6+ 
Kd8 41.e5 gxh5 42.f4 Qe2+ 43.Kh3 Qg4+ 44.Kg2 Qe2+ 45.Kh3 Qd1 46.f5 Qg4+ 
47.Kh2 Qe2+ 48.Kh3 Qxe5 0-1

[Event "Alexander Memorial"]
[Site "Middlesbrough ENG"]
[Date "1975.09.07"]
[Round "6"]
[White "Lombardy, William James"]
[Black "Kavalek, Lubomir"]
[Result "1/2-1/2"]
[WhiteElo "2515"]
[BlackElo "2555"]
[EventDate "1975.09.01"]
[PlyCount "40"]

1.d4 Nf6 2.c4 g6 3.Nc3 d5 4.Nf3 Bg7 5.Bg5 Ne4 6.cxd5 Nxg5 7.Nxg5 e6 8.Nf3 
exd5 9.e3 O-O 10.Bd3 c6 11.O-O Qe7 12.Rc1 Be6 13.Qb3 Bc8 14.Rfe1 Nd7 15.
Na4 Kh8 16.Qc2 f5 17.Nc5 Nxc5 18.Qxc5 Qxc5 19.Rxc5 Re8 20.Rcc1 Bd7 1/2-1/2

[Event "Alexander Memorial"]
[Site "Middlesbrough ENG"]
[Date "1975.09.07"]
[Round "6"]
[White "Olafsson, Fridrik"]
[Black "Hort, Vlastimil"]
[Result "1/2-1/2"]
[WhiteElo "2535"]
[BlackElo "2600"]
[EventDate "1975.09.01"]
[PlyCount "38"]

1.Nf3 Nf6 2.c4 c5 3.Nc3 Nc6 4.d4 cxd4 5.Nxd4 g6 6.e4 Nxd4 7.Qxd4 d6 8.Bg5 
Bg7 9.Qd2 Be6 10.Rc1 O-O 11.Bd3 a6 12.b3 Nd7 13.O-O Rb8 14.Rfe1 Re8 15.f4 
f6 16.Bh4 Bh6 17.Bf2 Bf7 18.Be3 Qa5 19.Qf2 e5 1/2-1/2

[Event "Alexander Memorial"]
[Site "Middlesbrough ENG"]
[Date "1975.09.07"]
[Round "6"]
[White "Huebner, Robert"]
[Black "Stean, Michael Francis"]
[Result "1-0"]
[WhiteElo "2615"]
[BlackElo "2370"]
[EventDate "1975.09.01"]
[PlyCount "81"]

1.c4 g6 2.e4 e5 3.Nf3 Bg7 4.d4 exd4 5.Nxd4 Nc6 6.Nc2 Nge7 7.Nc3 d6 8.Bg5 
h6 9.Be3 f5 10.Bd3 O-O 11.Qd2 fxe4 12.Bxe4 Nf5 13.O-O Ne5 14.f4 Ng4 15.Bd4
Nxd4 16.Nxd4 c6 17.Rad1 Qe8 18.h3 Nf6 19.Bc2 Qf7 20.Qd3 Nh5 21.Nce2 c5 22.
Nb5 Bf5 23.Qb3 Qe7 24.Bxf5 gxf5 25.Rfe1 Qh4 26.Qf3 Rad8 27.Kh2 a6 28.Nbc3 
Bxc3 29.bxc3 Nf6 30.Ng3 Ne8 31.Re6 Rf6 32.Rxf6 Qxf6 33.Qd5+ Kh7 34.Qxf5+ 
Qxf5 35.Nxf5 Kg6 36.g4 h5 37.Kg3 hxg4 38.hxg4 Kf6 39.Rh1 d5 40.Rh6+ Kf7 
41.cxd5 1-0